000 00951nab a22002297a 4500
999 _c6011
_d6011
003 OSt
005 20260116170915.0
008 190605e xxu||||| |||| 00| 0 spa d
040 _cPJ
100 _96819
_aCalderón, Daniela Agostina
245 1 3 _aEl impacto de la IA en el derecho del trabajo. Aproximación al metaverso /
_cDaniela Agostina Calderón.
260 _aCiudad Autónoma de Buenos Aires :
_bThomson Reuters La Ley,
_c2025.
300 _ap. 70-75
500 _aCita Online: Cita: TR LALEY AR/DOC/856/2025.
505 _t¿Te interesa el texto completo? Solicitalo al correo: koha@justierradelfuego.gov.ar
650 0 _91316
_aDERECHO LABORAL
650 0 _91570
_aDERECHOS DEL TRABAJADOR
650 0 _aTELETRABAJO
_94439
650 0 _aINTELIGENCIA ARTIFICIAL
_95817
773 0 _02711
_93168
_dCiudad Autónoma de Buenos Aires : Thomson Reuters La Ley, 1999-2002.
_tRevista de derecho del trabajo. Nº 3 - Mayo 2025
942 _2udc
_cANA